00716nam a2200205 i 4500001000700000003000900007005001700016007000300033008004100036100004100077245010000118250001200218260003600230300002200266650002300288700003600311852002200347999001900369952012200388112950ES-MaACL20230906185716.0t|061121s1969 sp r ||||1| spa d1 aMuckenhirn, Charles Borromeo.98401814aLas nuevas monjas / cSor M. Charles Borromeo, C. S. C. ; traducido por Amparo García Burgos. a1ª ed. aBarcelona : bGrijalbo, c1969. a195 p. ; c20 cm.04aReligiosas.9168261 aGarcía Burgos, Amparo.954298 aES-MaACLjC-51084 c112950d112950 00104070aATENEOMbATENEOMcDEPO2d2008-01-17eSCl0oC-51084p1117817r2023-02-23 00:00:00w2023-02-23yMONOGRAFIA